Analýza izostaticky zlisovaného tvrdého klzného materiálu na báze kovových práškov a MoS2 : Diplomová práca

Gespeichert in:
Bibliographische Detailangaben
1. Verfasser: Jedináková, Miroslava (Verfasst von)
Weitere Verfasser: Beznák, Matej, 1949- (xxx)
Format: Manuskript Buch
Sprache:Slowakisch
Veröffentlicht: Trnava : STU v Bratislave MtF KMI, 2002
Schlagworte:
Tags: Tag hinzufügen
Keine Tags, Fügen Sie das erste Tag hinzu!

MARC

LEADER 00000ntm a22000003a 4500
001 stu76378
005 20160719155040.6
008 020701s2002----xo------------------slo-d
040 |a STU  |b slo 
041 0 |a slo 
044 |a xo 
100 1 |a Jedináková, Miroslava  |4 aut 
245 1 |a Analýza izostaticky zlisovaného tvrdého klzného materiálu na báze kovových práškov a MoS2 :  |b Diplomová práca 
260 |a Trnava :  |b STU v Bratislave MtF KMI,  |c 2002 
300 |a 67 s  |c abstr. 
650 7 |a klzné materiály  |2 stusub 
650 7 |a kovové prášky  |2 stusub 
650 7 |a kovové a nekovové materiály  |2 stusub 
700 1 |a Beznák, Matej,  |d 1949-  |4 xxx  |u M3000  |U MTF Materiálovotechnologická fakulta  |T MTF Ústav výrobných technológií  |X 2880  |U M3000  |Y 83  |7 A000002880